| 000 | 00837nas a2200253 4500 | ||
|---|---|---|---|
| 001 | BR2011005707 | ||
| 003 | BR-BrBNA | ||
| 005 | 20231205115643.0 | ||
| 007 | ta | ||
| 008 | 230509b bl.|||p| |||| 00| 00por d | ||
| 040 |
_aBR-BrBNA _bpor _cBiblioteca Nacional de Agricultura |
||
| 041 | _a(Pt) | ||
| 072 | _aQ04 | ||
| 100 | 1 | _aSilva, T.P.L. da | |
| 100 | 1 | _aCabello, C. | |
| 245 | 1 | _aPropriedades da pasta e concentração de amido resistente em duas variedades de féculas de raízes de mandioca em diferentes estágios de desenvolvimento | |
| 650 | _aANÁLISE DE ALIMENTO | ||
| 650 | _aVARIEDADE | ||
| 650 | _aVISCOSIDADE | ||
| 650 | _aDIGESTÃO | ||
| 773 | 0 |
_tEnergia na Agricultura (Brazil) _xISSN 1808-8759 _g(2010), v. 25(1) p. 138-151 _wBR2011005707 |
|
| 909 |
_a202311 _bLúcia _c55 _dLúcia Elande |
||
| 942 |
_2AGRIS _n0 _cANA |
||
| 999 |
_c215055 _d215055 |
||